Amelia Earhart : (Record no. 5776)

MARC details
000 -LEADER
fixed length control field 01179nam a22002777a 4500
001 - CONTROL NUMBER
control field 5776
003 - CONTROL NUMBER IDENTIFIER
control field FISKH
005 - DATE AND TIME OF LATEST TRANSACTION
control field 20250820100616.0
008 - FIXED-LENGTH DATA ELEMENTS--GENERAL INFORMATION
fixed length control field 250121b cb ||||| |||| 00| 0 eng d
020 ## - INTERNATIONAL STANDARD BOOK NUMBER
International Standard Book Number 9780545344760
040 ## - CATALOGING SOURCE
Original cataloging agency FISKH
Language of cataloging eng
Transcribing agency FISKH
Modifying agency FISKH
050 ## - LIBRARY OF CONGRESS CALL NUMBER
Classification number TL540.E3
082 ## - DEWEY DECIMAL CLASSIFICATION NUMBER
Classification number 629.13092
100 ## - MAIN ENTRY--PERSONAL NAME
Personal name Taylor, Sarah Stewart
245 ## - TITLE STATEMENT
Title Amelia Earhart :
Remainder of title This broad ocean /
Statement of responsibility, etc. by Sarah Stewart Taylor & Ben Towle with an introduction by Eileen Collins
260 ## - PUBLICATION, DISTRIBUTION, ETC.
Place of publication, distribution, etc. New York :
Name of publisher, distributor, etc. Scholastic ,
Date of publication, distribution, etc. 2010.
300 ## - PHYSICAL DESCRIPTION
Extent 78 pages :
Other physical details color illustrations ;
Dimensions 26 cm .
505 ## - FORMATTED CONTENTS NOTE
Formatted contents note Z <br/>
520 ## - SUMMARY, ETC.
Summary, etc. Grace, an aspiring young journalist, is excited when Amelia Earhart arrives in her town of Trepassey, Newfoundland, on June 4, 1928. Earhart wants to become the first female passenger to cross the Atlantic Ocean by air. Grace is there to see them--and to receive Earhart's telegram announcing their arrival in Ireland after twenty hours and forty minutes in flight.
521 8# - TARGET AUDIENCE NOTE
Target audience note 1080 <br/>
Source Lexile GN <br/>
521 8# - TARGET AUDIENCE NOTE
Target audience note Z <br/>
Source Raz-Plus <br/>
650 ## - SUBJECT ADDED ENTRY--TOPICAL TERM
Topical term or geographic name entry element graphic novels
Form subdivision fiction
700 ## - ADDED ENTRY--PERSONAL NAME
Personal name Towle, Ben
Relator term illustrator
942 ## - ADDED ENTRY ELEMENTS (KOHA)
Source of classification or shelving scheme Dewey Decimal Classification
Koha item type Books
Suppress in OPAC No
Holdings
Withdrawn status Lost status Source of classification or shelving scheme Damaged status Not for loan Collection Home library Current library Shelving location Date acquired Total Checkouts Full call number Barcode Date last seen Price effective from Koha item type Copy number
    Dewey Decimal Classification     Fiction Footprints International School Library Network Toul Tom Poung Campus Footprints International School Library Network Toul Tom Poung Campus TTP Secondary Fiction Bookshelves 01/21/2025   TAY 629.13092 TL540.E3 FISSE02172 01/21/2025 01/21/2025 Books  
    Dewey Decimal Classification     Fiction Footprints International School Library Network Toul Tom Poung Campus Footprints International School Library Network Toul Tom Poung Campus TTP Secondary Fiction Bookshelves 08/20/2025   TAY 629.13092 TL540.E3 FIS00506 08/20/2025 08/20/2025 Books 2